Welcome to CU Library Online Public Access Catalogue (OPAC)

Introduction To The Law Of Torts In Ghana (Record no. 373)

MARC details
000 -LEADER
fixed length control field 00389nam a22001457a 4500
005 - DATE AND TIME OF LATEST TRANSACTION
control field 20241030133133.0
008 - FIXED-LENGTH DATA ELEMENTS--GENERAL INFORMATION
fixed length control field 241030b |||||||| |||| 00| 0 eng d
020 ## - INTERNATIONAL STANDARD BOOK NUMBER
International Standard Book Number 9789988960780
100 ## - MAIN ENTRY--PERSONAL NAME
Personal name Kumado Kofi
245 ## - TITLE STATEMENT
Title Introduction To The Law Of Torts In Ghana
260 ## - PUBLICATION, DISTRIBUTION, ETC.
Place of publication, distribution, etc. Accra, Ghana:
Name of publisher, distributor, etc. Black Mask
Date of publication, distribution, etc. 2009
300 ## - PHYSICAL DESCRIPTION
Extent xxiv, 260 pages
Dimensions 26 cm
650 ## - SUBJECT ADDED ENTRY--TOPICAL TERM
Source of heading or term Torts Law
942 ## - ADDED ENTRY ELEMENTS (KOHA)
Source of classification or shelving scheme Library of Congress Classification
Koha item type Books
Suppress in OPAC No
999 ## -
-- 373
-- 373
Holdings
Withdrawn status Lost status Source of classification or shelving scheme Damaged status Not for loan Collection Home library Current library Shelving location Date acquired Total checkouts Full call number Barcode Date last seen Copy number Price effective from Koha item type
    Library of Congress Classification     Non-fiction Law Library (Christ Temple) Law Library (Christ Temple) Reference 05/24/2025   KRX940.K96 KUM LLCT00000669 05/24/2025 1 05/24/2025 Books
    Library of Congress Classification     Non-fiction Law Library (Christ Temple) Law Library (Christ Temple) Reference 05/24/2025   KRX940.K96 KUM LLCT00000670 05/24/2025 2 05/24/2025 Books
    Library of Congress Classification     Non-fiction Law Library (Christ Temple) Law Library (Christ Temple) Reference 05/24/2025   KRX940.K96 KUM LLCT00000671 05/24/2025 3 05/24/2025 Books
    Library of Congress Classification     Non-fiction Law Library (Christ Temple) Law Library (Christ Temple) Reference 05/24/2025   KRX940.K96 KUM LLCT00000672 05/24/2025 1 05/24/2025 Books
    Library of Congress Classification     Non-fiction Law Library (Christ Temple) Law Library (Christ Temple) Reference 05/24/2025   KRX940.K96 KUM LLCT00000673 05/24/2025 2 05/24/2025 Books
    Library of Congress Classification     Non-fiction Law Library (Christ Temple) Law Library (Christ Temple) Reference 05/24/2025   KRX940.K96 KUM LLCT00000674 05/24/2025 3 05/24/2025 Books
    Library of Congress Classification     Non-fiction Law Library (Miotso) Law Library (Miotso) Reference 10/30/2024   KRX940.K96 KUM LLM00000038 10/30/2024 2 10/30/2024 Books
    Library of Congress Classification     Non-fiction Law Library Annex (Miotso) Law Library Annex (Miotso) General stacks 10/30/2024   KRX940.K96 KUM LLM00000039 10/30/2024 1 10/30/2024 Books
© 2023-2024 Copyright: Central University Libraries. All Rights Reserved | Created by: Mahone Tech Office